ঝিনাইদহের ইতিহাস / (Record no. 105202)
[ view plain ]
| 000 -LEADER | |
|---|---|
| fixed length control field | 00864nam a22001937a 4500 |
| 003 - CONTROL NUMBER IDENTIFIER | |
| control field | BD-DhUL |
| 005 - DATE AND TIME OF LATEST TRANSACTION | |
| control field | 20160920191046.0 |
| 008 - FIXED-LENGTH DATA ELEMENTS--GENERAL INFORMATION | |
| fixed length control field | 160920b 1991b ||||| |||| 00| 0 ben d |
| 040 ## - CATALOGING SOURCE | |
| Transcribing agency | BD-DhUL |
| Modifying agency | BD-DhUL |
| -- | BD-DhUL |
| 082 ## - DEWEY DECIMAL CLASSIFICATION NUMBER | |
| Classification number | 954.925 |
| Item number | JHE |
| 100 1# - MAIN ENTRY--PERSONAL NAME | |
| Personal name | আল-ফারুক,মীর্জা মোহাম্মদ |
| 245 ## - TITLE STATEMENT | |
| Title | ঝিনাইদহের ইতিহাস / |
| Statement of responsibility, etc. | মীর্জা মোহাম্মদ আল-ফারুক |
| 260 ## - PUBLICATION, DISTRIBUTION, ETC. (IMPRINT) | |
| Place of publication, distribution, etc. | ঢাকা : |
| Name of publisher, distributor, etc. | জেলা প্রশাসক, |
| Date of publication, distribution, etc. | ১৯৯১. |
| 300 ## - PHYSICAL DESCRIPTION | |
| Extent | ৪০৪ পৃ. ; |
| Dimensions | ২২ সে.মি. |
| 504 ## - BIBLIOGRAPHY, ETC. NOTE | |
| Bibliography, etc | নির্ঘন্ট ও গ্রন্থপজ্ঞীগত ত্তথ্য সংবলিত |
| 650 #0 - SUBJECT ADDED ENTRY--TOPICAL TERM | |
| Form subdivision | ইতিহাস বাংলাদেশ |
| 651 ## - SUBJECT ADDED ENTRY--GEOGRAPHIC NAME | |
| Form subdivision | Itihāsa bānlādēśa History of Bangladesh |
| 942 ## - ADDED ENTRY ELEMENTS (KOHA) | |
| Source of classification or shelving scheme | |
| Koha item type | Books |
| Price effective from | Date last seen | Permanent Location | Not for loan | Date acquired | Source of classification or shelving scheme | Koha item type | Lost status | Withdrawn status | Copy number | Source of acquisition | Collection code | Damaged status | Shelving location | Barcode | Current Location | Full call number |
|---|---|---|---|---|---|---|---|---|---|---|---|---|---|---|---|---|
| 2016-09-20 | 2016-09-20 | Dhaka University Library | 1992-05-25 | Books | 2 | Gift | Non Fiction | General Stacks | 324262 | Dhaka University Library | 954.925 JHE | |||||
| 2016-09-20 | 2016-09-20 | Dhaka University Library | 1992-05-25 | Books | 1 | Gift | Non Fiction | General Stacks | 324261 | Dhaka University Library | 954.925 JHE |
